000 00341nam a2200133Ia 4500
008 231129s2000||||xx |||||||||||||| ||spa||
020 _a84-8055-360-X
040 _bspa
082 _aR 382 D545
245 0 _aDiccionario de comercio exterior
260 _c2000
264 _aCultural.
942 _2ddc
_cBKS
999 _c9313
_d9313